header

Clearing the global health fog (Record no. 921)

MARC details
000 -LEADER
fixed length control field 01410nam a2200349Ia 4500
245 00 - TITLE STATEMENT
Title Clearing the global health fog
260 ## - PUBLICATION, DISTRIBUTION, ETC. (IMPRINT)
Place of publication Washington, D.C. :
Name of publisher World Bank,
Year of publication c2009.
300 ## - PHYSICAL DESCRIPTION
Number of Pages x, 67 p. :
Other physical details ill.
490 1# - SERIES STATEMENT
Series statement World Bank working paper,
650 #0 - SUBJECT ADDED ENTRY--TOPICAL TERM
Topical Term Health promotion.
Topical Term Integrated delivery of health care.
Topical Term World health.
700 1# - ADDED ENTRY--PERSONAL NAME
Personal name Atun, Rifat A.
856 40 - ELECTRONIC LOCATION AND ACCESS
Uniform Resource Identifier http://site.ebrary.com/lib/rucke/Doc?id=10288136

No items available.

© 2026 Rongo University
Contact us: librarian | system librarian | Rongo university